01890nam a2200337 i 4500003001000000005001700010007000300027008004100030020001800071040003500089041000800124084001200132100003000144245008300174250002300257264003600280300006300316336002700379337003300406338002800439490007400467505020700541520047300748521006801221650005401289650004601343650004801389650003801437700003301475700004401508CO-BoRNBP20250214112004.0ta250214s2023 ck a|||| |||| 00| 0 spa d a9786287609143 aCO-BoRNBPbspacCO-BoRNBPerda aspa aC PAR171 aCuentos bailables/eautor10aCuentos bailables/cRamón París ; selección musical de Pablo Larraguibel aEdición especial 1aBogotá, ColombiabBabelc2023 a33 páginas sin numerar, bilustraciones a color, c22 cm 2rdacontentatextobtxt 2rdamediaasin mediaciónbn 2rdacarrieravolumenbnc aPlan Nacional de Lectura, Escritura y OralidadpMinisterio de Cultura aLado A: 1. se va el caimán. -- 2. No critiques. --3. e. otorrino laringólogo. -- 4 El orangután. Lado B: 5. El camaleón. -- 6. La piragua. -- 7Pare, cochero. -- 8. La parranda de los clásicos. aEste libro-disco ilustrado para contar, cantar y bailar es un homenaje a la música popular caribeña, aquella que ha bailado todo el mundo. Es también una historia que atraviesa ocho canciones-cuento y que rememora con su sonido una época de salones de baile y de parranda callejera; de noche urbana y de fiesta en la playa. Un libro que desprende energía y celebra la vida y la buena música bailable, aquella que puede ser disfrutada por adultos y niños. aRecomendado para un público infantil a partir de los 6 años172ARMARCaCuentos infantiles venezolanosvSiglo XXI172Literatura infantil venezolanaasiglo XXI172ARMARCaFolclor venezolano en la literatura172ARMARCaMúsica en la literatura1 aParís, Ramóneilustrador1 aLarraguibel. PabloeSelección musical